000 00320nam a22001337a 4500
020 _a0-8247-7828-6
082 _a621.38153 MOL'T
100 _aMCLYMAN, COLONEL WIM
_966161
245 _aTRANSFORMER AND INDUCTOR DESIGN HANDBOOK
250 _a2ND
260 _aNEWYORK
_bDEKKER
_c1988
300 _aX,416P
942 _cBK
999 _c574172
_d574172